Mysterious skin /

Guardat en:
Dades bibliogràfiques
Autor principal: Heim, Scott
Format: Llibre
Idioma:anglès
Etiquetes: Afegir etiqueta
Sense etiquetes, Sigues el primer a etiquetar aquest registre!

MARC

LEADER 00000nam a2200000 4500
001 CDOM0000002897
003 mi
005 20251010161829.0
008 251010b |||||||| |||| 00| 0 eng d
040 |c mi 
100 |a Heim, Scott 
245 1 |a Mysterious skin /  |c Scott Heim 
942 |2 ddc  |c BK 
952 |0 0  |1 0  |2 ddc  |4 0  |7 0  |9 6310  |a MI  |b MI  |d 2007-01-19  |i 5297  |l 0  |p CDOM5297  |r 2025-07-13 16:28:00  |w 2025-07-13  |x ACQUISTO  |y BK 
999 |c 5060  |d 5060